| Tag |
First Indicator |
Second Indicator |
Subfields |
| LEADER |
00000cam a2200000Ii 4500 |
| 001 |
in00002787819 |
| 005 |
20180716132841.0 |
| 008 |
121210s1965 txu s000 0 eng d |
| 035 |
|
|
|a (OCoLC)ocn820719753
|
| 040 |
|
|
|a TXA
|b eng
|e rda
|c TXA
|d OCLCQ
|d OCLCF
|d OCLCO
|d OCLCA
|d TXA
|
| 035 |
|
|
|a (OCoLC)820719753
|
| 043 |
|
|
|a n-us-tx
|
| 090 |
|
|
|a SB608.C8
|b H36 1965
|
| 049 |
|
|
|a TXAM
|
| 100 |
1 |
|
|a Hanna, R. L.,
|e author.
|
| 245 |
1 |
0 |
|a Results of field and laboratory studies on the control of cotton insects, 1965 /
|c by R.L. Hanna, J.K. Walker, Jr., and P.L. Adkisson.
|
| 264 |
|
1 |
|a College Station, Texas :
|b Texas A & M University, Texas Agricultural Experiment Station,
|c [1965]
|
| 300 |
|
|
|a 24 leaves ;
|c 28 cm.
|
| 336 |
|
|
|a text
|b txt
|2 rdacontent
|
| 337 |
|
|
|a unmediated
|b n
|2 rdamedia
|
| 338 |
|
|
|a volume
|b nc
|2 rdacarrier
|
| 490 |
1 |
|
|a Departmental technical report ;
|v no. 3
|
| 500 |
|
|
|a "December 1965"--Cover.
|
| 500 |
|
|
|a "Research conducted in cooperation with the Entomology Research Division, U.S. Department of Agriculture."
|
| 650 |
|
0 |
|a Cotton
|x Diseases and pests
|x Control
|z Texas.
|
| 650 |
|
0 |
|a Heliothis
|x Control
|z Texas.
|
| 650 |
|
0 |
|a Insecticides
|x Research.
|
| 650 |
|
7 |
|a Cotton
|x Diseases and pests
|x Control.
|2 fast
|0 (OCoLC)fst00880873
|
| 650 |
|
7 |
|a Heliothis
|x Control.
|2 fast
|0 (OCoLC)fst00954695
|
| 650 |
|
7 |
|a Insecticides
|x Research.
|2 fast
|0 (OCoLC)fst00974063
|
| 651 |
|
7 |
|a Texas.
|2 fast
|0 (OCoLC)fst01210336
|
| 700 |
1 |
|
|a Walker, James Knox,
|c Jr.,
|d 1927-
|e author.
|
| 700 |
1 |
|
|a Adkisson, Perry L.,
|e author.
|
| 710 |
2 |
|
|a Texas Agricultural Experiment Station,
|e issuing body.
|
| 710 |
2 |
|
|a Texas A & M University.
|b Department of Entomology.
|
| 710 |
1 |
|
|a United States.
|b Entomology Research Division.
|
| 830 |
|
0 |
|a Departmental technical report (Texas A & M University. Department of Entomology) ;
|v no. 3.
|
| 948 |
|
|
|a updated
|b h
|c 2018/07/16
|e zdobbs
|f 1:28:37 pm
|
| 948 |
|
|
|a cataloged
|b h
|c 2012/12/10
|d o
|e nbehmer
|f 9:22:01 am
|
| 994 |
|
|
|a C0
|b TXA
|
| 999 |
f |
f |
|s a72bdac8-1275-34d6-ba4b-114ba9d48b44
|i e04a005f-e740-3a20-8484-6a4b6a0d3217
|t 0
|
| 952 |
f |
f |
|p noncirc
|a Texas A&M University
|b College Station
|c Cushing Memorial Library & Archives
|d Cushing: Texas A&M Publications (Remote Storage: 2-3 day retrieval)
|t 0
|e SB608.C8 H36 1965
|h Library of Congress classification
|i unmediated -- volume
|
| 998 |
f |
f |
|a SB608.C8 H36 1965
|t 0
|l Cushing: Texas A&M Publications (Remote Storage: 2-3 day retrieval)
|